[Event "Montigny le Bretonneux op"]
[Site "Montigny le Bretonneux"]
[Date "2004.05.23"]
[Round "8"]
[White "Jakubowski, Richard"]
[Black "Sotron, Wilson"]
[Result "1/2-1/2"]
[WhiteElo "1830"]
[BlackElo "2142"]
[PlyCount "99"]
[EventDate "2004.05.20"]
[EventType "swiss"]
[EventRounds "9"]
[EventCountry "FRA"]
[SourceTitle "EXT 2007"]
[Source "ChessBase"]
[SourceDate "2006.11.23"]
[SourceVersion "1"]
[SourceVersionDate "2006.11.23"]
[SourceQuality "1"]

1. e4 c5 2. Nf3 d6 3. Bb5+ Bd7 4. Nc3 Bxb5 5. Nxb5 Nf6 6. e5 dxe5 7. Nxe5 g6 8. c3 a6 9. Qa4 Nbd7 10. Nxd7 Nxd7 11. Na3 Bg7 12. 0-0 0-0 13. Nc2 Ne5 14. Qe4 Qd3 15. Qxd3 Nxd3 16. b3 b5 17. Ne1 Nf4 18. Bb2 Rfd8 19. Nf3 Nd3 20. Rab1 b4 21. Ba1 Ne5 22. Nxe5 Bxe5 23. Rfd1 a5 24. c4 Bxa1 25. Rxa1 a4 26. g3 Rd3 27. bxa4 Rxa4 28. Kf1 Rda3 29. Rab1 Rxa2 30. d4 Rc2 31. dxc5 Rxc4 32. Rd8+ Kg7 33. Rb8 Rxc5 34. R1xb4 Ra2 35. Rb2 Rc2 36. Rxc2 Rxc2 37. Re8 Kf6 38. Kg2 h5 39. h4 e5 40. Rb8 Rc6 41. Rb7 Ke6 42. Rb5 f5 43. Rb8 f4 44. Re8+ Kf5 45. Rf8+ Ke4 46. f3+ Ke3 47. gxf4 exf4 48. Re8+ Kd3 49. Rd8+ Kc4 50. Rf8 1/2-1/2

[Event "Montigny le Bretonneux op 7th"]
[Site "Montigny le Bretonneux"]
[Date "2003.05.04"]
[Round "7.7"]
[White "Boudin, Jean Luc"]
[Black "Sotron, Wilson"]
[Result "0-1"]
[WhiteElo "1790"]
[BlackElo "1950"]
[PlyCount "73"]
[EventDate "2003.05.??"]
[EventType "swiss"]
[EventRounds "9"]
[EventCountry "FRA"]
[SourceTitle "EXT 2004"]
[Source "ChessBase"]
[SourceDate "2003.11.25"]
[SourceVersion "1"]
[SourceVersionDate "2003.11.25"]
[SourceQuality "1"]

1. d4 Nf6 2. Nf3 e6 3. Bf4 c5 4. e3 Qb6 5. b3 Nd5 6. Bg3 cxd4 7. exd4 Bb4+ 8. Nbd2 Nc6 9. Bc4 Nc3 10. Qc1 Nxd4 11. Nxd4 Qxd4 12. 0-0 Qxc4 13. Nxc4 Ne2+ 14. Kh1 Nxc1 15. Raxc1 d5 16. Nd6+ Ke7 17. Nb5 Bd7 18. Nd4 Bc3 19. Rfd1 Rhc8 20. Rd3 Bb2 21. Rcd1 Rc3 22. Be5 Rxd3 23. Rxd3 Bxd4 24. Bxd4 f6 25. f4 Rc8 26. c3 Kd6 27. Re3 b6 28. Kg1 Re8 29. Rg3 e5 30. fxe5+ fxe5 31. Be3 g6 32. Kf2 Rc8 33. Bd2 a5 34. a3 a4 35. b4 Rf8+ 36. Ke3 Rf7 37. Rf3 0-1

[Event "Montigny le Bretonneux op 7th"]
[Site "Montigny le Bretonneux"]
[Date "2003.05.03"]
[Round "5.1"]
[White "Joigneau, Sylvain"]
[Black "Sotron, Wilson"]
[Result "1-0"]
[WhiteElo "2140"]
[BlackElo "1950"]
[PlyCount "65"]
[EventDate "2003.05.??"]
[EventType "swiss"]
[EventRounds "9"]
[EventCountry "FRA"]
[SourceTitle "EXT 2004"]
[Source "ChessBase"]
[SourceDate "2003.11.25"]
[SourceVersion "1"]
[SourceVersionDate "2003.11.25"]
[SourceQuality "1"]

1. f4 d5 2. b3 c5 3. e3 Nc6 4. Bb2 Nf6 5. Bb5 d4 6. Qf3 Bd7 7. e4 e6 8. Ne2 a6 9. Bxc6 Bxc6 10. Ng3 g6 11. 0-0 Bg7 12. d3 0-0 13. Nd2 b5 14. Qe2 h5 15. h3 h4 16. Nh1 Nh5 17. Qg4 Bh6 18. Bc1 Qf6 19. e5 Qd8 20. Nf3 Bxf3 21. Rxf3 Ng7 22. Nf2 Nf5 23. Ne4 Bg7 24. Nxc5 Qc7 25. b4 a5 26. Bd2 axb4 27. Bxb4 Ne3 28. Rxe3 dxe3 29. Qxh4 Ra4 30. c3 Rxb4 31. cxb4 Ra8 32. Qe1 g5 33. g3 1-0

[Event "Montigny le Bretonneux op 7th"]
[Site "Montigny le Bretonneux"]
[Date "2003.05.03"]
[Round "4.1"]
[White "Sotron, Wilson"]
[Black "Roux, Jean Luc"]
[Result "1/2-1/2"]
[WhiteElo "1950"]
[BlackElo "2050"]
[PlyCount "103"]
[EventDate "2003.05.??"]
[EventType "swiss"]
[EventRounds "9"]
[EventCountry "FRA"]
[SourceTitle "EXT 2004"]
[Source "ChessBase"]
[SourceDate "2003.11.25"]
[SourceVersion "1"]
[SourceVersionDate "2003.11.25"]
[SourceQuality "1"]

1. e4 e6 2. d4 d5 3. Nc3 dxe4 4. Nxe4 Nd7 5. Nf3 Ngf6 6. Bd3 Nxe4 7. Bxe4 Nf6 8. Bd3 c5 9. 0-0 cxd4 10. Nxd4 Be7 11. b3 0-0 12. Bb2 e5 13. Nf5 e4 14. Nxe7+ Qxe7 15. Qe2 Re8 16. Rae1 Bf5 17. Qe3 Ng4 18. Qf4 g6 19. h3 Nf6 20. Qg5 Nd5 21. Qxe7 Rxe7 22. Bc4 Nb6 23. Be2 e3 24. c4 Rae8 25. fxe3 Rxe3 26. Kf2 Bb1 27. Bf3 Rxe1 28. Rxe1 Rxe1 29. Kxe1 Bxa2 30. Bxb7 Bxb3 31. c5 Bd5 32. Bxd5 Nxd5 33. c6 Kf8 34. Kd2 Ke7 35. Bd4 Nb4 36. Bxa7 Nxc6 37. Bc5+ Kd7 38. Ke2 Ke6 39. g3 Kd5 40. Be3 Ke4 41. Bc1 Nd4+ 42. Kf2 f5 43. Bf4 Ne6 44. Bc1 Nc5 45. Bg5 Nd3+ 46. Kg2 Ne5 47. Bf6 Nf3 48. Bg7 g5 49. Bh6 Ke3 50. h4 f4 51. hxg5 Ke4 52. gxf4 1/2-1/2

[Event "Yvelines-ch"]
[Site "Fontenay le Fleury"]
[Date "2003.02.14"]
[Round "5.8"]
[White "Larramendy, Pierre"]
[Black "Sotron, Wilson"]
[Result "0-1"]
[WhiteElo "1690"]
[BlackElo "1950"]
[PlyCount "83"]
[EventDate "2003.02.17"]
[EventType "swiss"]
[EventRounds "7"]
[EventCountry "FRA"]
[SourceTitle "EXT 2004"]
[Source "ChessBase"]
[SourceDate "2003.11.25"]
[SourceVersion "1"]
[SourceVersionDate "2003.11.25"]
[SourceQuality "1"]

1. e4 c5 2. Nf3 d6 3. Bb5+ Bd7 4. Bxd7+ Nxd7 5. d4 cxd4 6. Qxd4 Ngf6 7. 0-0 Qb6 8. Qa4 Qc6 9. Qxc6 bxc6 10. Nc3 g6 11. Nd4 Rc8 12. Rd1 Bg7 13. f4 0-0 14. Nf3 Ne8 15. Be3 Nb6 16. Bd4 e6 17. Bxg7 Kxg7 18. b3 d5 19. e5 c5 20. Ne2 Nc7 21. Nc3 Rfd8 22. a4 a6 23. Rd2 Nd7 24. g3 Nb8 25. a5 Na8 26. Ne1 c4 27. b4 Nc6 28. Rb1 Rb8 29. Na2 Nxa5 30. Rdd1 Nc6 31. c3 Nc7 32. Nf3 Rb7 33. Nd4 Nxd4 34. cxd4 Rdb8 35. Rd2 Nb5 36. Rc1 Na7 37. Rb2 Nc6 38. Rd1 a5 39. b5 Rxb5 40. Rxb5 Rxb5 41. Nc3 Rb4 42. Ra1 0-1

[Event "Reunion IBM op"]
[Site "Reunion"]
[Date "1997.??.??"]
[Round "8"]
[White "Prie, Eric"]
[Black "Sotron, Wilson"]
[Result "1/2-1/2"]
[WhiteElo "2470"]
[BlackElo "1870"]
[PlyCount "52"]
[EventDate "1997.??.??"]
[EventType "swiss"]
[EventRounds "9"]
[EventCountry "RUF"]
[SourceTitle "EXT 1998"]
[Source "ChessBase"]
[SourceDate "1997.11.17"]
[SourceVersion "1"]
[SourceVersionDate "1997.11.17"]
[SourceQuality "1"]

1. e4 c6 2. d4 d5 3. Nc3 dxe4 4. Nxe4 Bf5 5. Ng3 Bg6 6. h4 h6 7. Nf3 Nd7 8. h5 Bh7 9. Bd3 Bxd3 10. Qxd3 Ngf6 11. Bf4 Qa5+ 12. c3 e6 13. a4 c5 14. Qe2 Be7 15. dxc5 Qxc5 16. Ne4 Qc6 17. Nxf6+ Bxf6 18. 0-0 0-0 19. Rfd1 Rfd8 20. Qb5 Nb6 21. Rxd8+ Rxd8 22. Be3 Rd5 23. Qxc6 bxc6 24. a5 Nc4 25. Bxa7 Nxa5 26. g4 Nc4 1/2-1/2

[Event "Reunion IBM op"]
[Site "Reunion"]
[Date "1997.??.??"]
[Round "2"]
[White "Sotron, Wilson"]
[Black "Minnebo, Alain"]
[Result "0-1"]
[WhiteElo "1870"]
[BlackElo "2280"]
[PlyCount "52"]
[EventDate "1997.??.??"]
[EventType "swiss"]
[EventRounds "9"]
[EventCountry "RUF"]
[SourceTitle "EXT 1998"]
[Source "ChessBase"]
[SourceDate "1997.11.17"]
[SourceVersion "1"]
[SourceVersionDate "1997.11.17"]
[SourceQuality "1"]

1. e4 c5 2. Nf3 d6 3. Bb5+ Nd7 4. 0-0 Ngf6 5. Re1 g6 6. c3 Bg7 7. d4 0-0 8. e5 Ne8 9. Bg5 dxe5 10. dxe5 Nc7 11. Bd3 b5 12. Be4 Rb8 13. Bf4 Ne6 14. Bg3 Bb7 15. Nbd2 Nb6 16. Qe2 a6 17. c4 bxc4 18. Bxb7 Rxb7 19. Nxc4 Nxc4 20. Qxc4 Qa5 21. b3 Rd7 22. Bf4 Rfd8 23. Be3 Rd5 24. Bg5 Nxg5 25. Nxg5 Bxe5 26. Qh4 h5 0-1